000 00969nam a22003850a 4500
001 UByD000264
003 AR-LpoUNG
005 20220328190408.0
008 220326s2008||||ag |||||||||||||||||spa d
020 _a9789505639700
040 _aAR-LpoUNG
_bspa
_cAR-LpoUNG
_eaacr
041 _aspa
044 _aag
082 0 _aA864 643per
100 1 _aGonzález, Horacio
245 1 0 _aPerón :
_breflejos de una vida
250 _a1ra. ed., 1ra. reimp.
260 _aBuenos Aires :
_bColihue,
_c2008.
300 _a456 p.
650 4 _aARGENTINA
650 4 _aBIOGRAFIAS
650 4 _aLITERATURA
650 4 _aHISTORIA
650 4 _aANALISIS HISTORICO
650 4 _aHISTORIA POLITICA
650 4 _aHISTORIA CULTURAL
650 4 _aHISTORIA SOCIAL
650 4 _aIDEOLOGIAS POLITICAS
650 4 _aPARTIDOS POLITICOS
650 4 _aENSAYO
653 1 _aPERON, JUAN DOMINGO
653 0 _aPERONISMO
905 _a46322
942 _cLSALA
_2ddc
999 _c62987
_d62987